| 000 | 00523nam a2200157 i 4500 | ||
|---|---|---|---|
| 001 | 29383 | ||
| 003 | ES-MaACL | ||
| 005 | 20230906154027.0 | ||
| 007 | t| | ||
| 008 | 030121s1911 sp ||||1| spa d | ||
| 100 | 1 |
_aBarre, André. _925871 |
|
| 245 | 1 | 3 |
_aLe symbolisme _b: essai historique our le mouvement symboliste en France de 1885 a 1900 suivi d'une bibliographie de la poesie symboliste / _cAndré Barre. |
| 260 |
_aParís : _b[s.n., _c1911] ( _fJouve) |
||
| 300 |
_aX, 294 p. ; _c25 cm. |
||
| 852 |
_aES-MaACL _jF-8241 |
||
| 999 |
_c29383 _d29383 |
||